[Event "Silkway Cup"]
[Site "T#646345FIDE"]
[Date "2020.05.28"]
[Round "10"]
[White "Eltaj Safarli"]
[Black "Ahmadzada"]
[Result "1-0"]
[WhiteElo "2679"]
[BlackElo "1933"]
[Annotator "RC"]
[PlyCount "93"]
[EventDate "2020.05.28"]
[EventType "swiss (blitz)"]

1. e4 {[%emt 0:00:01]} e5 {[%emt 0:00:02]} 2. Nf3 {[%emt 0:00:02]} Nc6 {[%emt 0:00:01]} 3. Bb5 {[%emt 0:00:00]} Nf6 {[%emt 0:00:02]} 4. O-O {[%emt 0:00:04]} Nxe4 {[%emt 0:00:01]} 5. d4 {[%emt 0:00:01]} Nd6 {[%emt 0:00:01]} 6. dxe5 {[%emt 0:00:01]} Nxb5 {[%emt 0:00:01]} 7. a4 {[%emt 0:00:00]} Nbd4 {[%emt 0:00:01]} 8. Nxd4 {[%emt 0:00:01]} Nxd4 {[%emt 0:00:00]} 9. Qxd4 {[%emt 0:00:01]} d5 {[%emt 0:00:00]} 10. Qd3 {[%emt 0:00:11]} c6 {[%emt 0:00:01]} 11. a5 {[%emt 0:00:02]} Qd7 {[%emt 0:00:01]} 12. Be3 {[%emt 0:00:10]} Be7 {[%emt 0:00:03]} 13. Nd2 {[%emt 0:00:02]} O-O {[%emt 0:00:07]} 14. Qc3 {[%emt 0:00:03]} Qf5 {[%emt 0:00:41]} 15. Rfe1 {[%emt 0:00:03]} Qg6 {[%emt 0:00:06]} 16. Kh1 {[%emt 0:00:31]} Bf5 {[%emt 0:00:03]} 17. Nb3 {[%emt 0:00:11]} Bxc2 {[%emt 0:00:27]} 18. Nd4 {[%emt 0:00:01]} Bd3 {[%emt 0:00:09]} 19. Rad1 {[%emt 0:00:31]} Ba6 {[%emt 0:00:03]} 20. Nb3 {[%emt 0:00:07]} f5 {[%emt 0:00:10]} 21. Bc5 {[%emt 0:00:05]} Rae8 {[%emt 0:00:14]} 22. f4 {[%emt 0:00:09]} Qh6 {[%emt 0:00:16]} 23. Bxe7 {[%emt 0:00:13]} Rxe7 {[%emt 0:00:00]} 24. Qd4 {[%emt 0:00:05]} Bb5 {[%emt 0:00:09]} 25. Re3 {[%emt 0:00:30]} Bc4 {[%emt 0:00:47]} 26. Rh3 {[%emt 0:00:11]} Qg6 {[%emt 0:00:09]} 27. Nd2 {[%emt 0:00:02]} Bb5 {[%emt 0:00:10]} 28. Re1 {[%emt 0:00:01]} Qe6 {[%emt 0:00:11]} 29. Qxa7 {[%emt 0:00:02]} h6 {[%emt 0:00:02]} 30. Qd4 {[%emt 0:00:01]} Rfe8 {[%emt 0:00:01]} 31. b4 {[%emt 0:00:01]} Qf7 {[%emt 0:00:02]} 32. Nb3 {[%emt 0:00:02]} g5 {[%emt 0:00:02]} 33. Rxh6 {[%emt 0:00:11] .} Qg7 {[%emt 0:00:01]} 34. Rh3 {[%emt 0:00:11]} gxf4 {[%emt 0:00:05]} 35. Qxf4 {[%emt 0:00:00]} Rxe5 {[%emt 0:00:01]} 36. Rg1 {[%emt 0:00:01]} Re4 {[%emt 0:00:04]} 37. Qxf5 {[%emt 0:00:02]} Rf8 {[%emt 0:00:00]} 38. Qh5 {[%emt 0:00:04]} Rg4 {[%emt 0:00:01]} 39. Qxg4 {[%emt 0:00:22]} Qxg4 {[%emt 0:00:02]} 40. Rg3 {[%emt 0:00:00]} Qxg3 {[%emt 0:00:03]} 41. hxg3 {[%emt 0:00:00]} Rf5 {[%emt 0:00:01]} 42. Re1 {[%emt 0:00:03]} Rg5 {[%emt 0:00:01]} 43. Re7 {[%emt 0:00:04]} Rxg3 {[%emt 0:00:03]} 44. Nd4 {[%emt 0:00:01]} Rg4 {[%emt 0:00:01]} 45. Nxb5 {[%emt 0:00:01]} cxb5 {[%emt 0:00:00]} 46. Rxb7 {[%emt 0:00:00]} Rxb4 {[%emt 0:00:00]} 47. a6 {[%emt 0:00:00] Ahmadzada resigns (Lag: Av=0.51s, max=0.9s)} 1-0

[Event "Silkway Cup"]
[Site "T#646345FIDE"]
[Date "2020.05.28"]
[Round "10"]
[White "Oligarkh"]
[Black "Kutiktau"]
[Result "1-0"]
[WhiteElo "2588"]
[BlackElo "2708"]
[PlyCount "59"]
[EventDate "2020.05.28"]
[EventType "swiss (blitz)"]

1. d4 {[%emt 0:00:02]} Nf6 {[%emt 0:00:01]} 2. Bg5 {[%emt 0:00:01]} c5 {[%emt 0:00:11]} 3. Bxf6 {[%emt 0:00:02]} gxf6 {[%emt 0:00:03]} 4. d5 {[%emt 0:00:00]} f5 {[%emt 0:00:08]} 5. c3 {[%emt 0:00:03]} Qb6 {[%emt 0:00:02]} 6. Qc2 {[%emt 0:00:03]} e6 {[%emt 0:00:02]} 7. Nd2 {[%emt 0:00:15]} Bg7 {[%emt 0:00:07]} 8. O-O-O {[%emt 0:00:04]} O-O {[%emt 0:00:02]} 9. e3 {[%emt 0:00:03]} Na6 {[%emt 0:00:32]} 10. Ngf3 {[%emt 0:00:08]} Nc7 {[%emt 0:00:11]} 11. Nc4 {[%emt 0:00:07]} Qa6 {[%emt 0:00:01]} 12. d6 {[%emt 0:00:01]} Ne8 {[%emt 0:00:03]} 13. a4 {[%emt 0:00:12]} b5 {[%emt 0:00:06]} 14. axb5 {[%emt 0:00:04]} Qxb5 {[%emt 0:00:01]} 15. Bd3 {[%emt 0:00:04]} Rb8 {[%emt 0:00:03]} 16. Rhg1 {[%emt 0:00:10]} Kh8 {[%emt 0:00:02]} 17. g4 {[%emt 0:00:02]} fxg4 {[%emt 0:00:02]} 18. Rxg4 {[%emt 0:00:02]} f5 {[%emt 0:00:00]} 19. Rh4 {[%emt 0:00:02]} Qc6 {[%emt 0:00:34]} 20. Nfe5 {[%emt 0:00:07]} Qg2 {[%emt 0:00:01]} 21. f4 {[%emt 0:00:12]} Qxc2+ {[%emt 0:00:14]} 22. Bxc2 {[%emt 0:00:01]} Bxe5 {[%emt 0:00:25]} 23. Nxe5 {[%emt 0:00:01]} Rg8 {[%emt 0:00:01]} 24. Nf7+ {[%emt 0:00:21]} Kg7 {[%emt 0:00:01]} 25. Nh6 {[%emt 0:00:01]} Rh8 {[%emt 0:00:09]} 26. e4 {[%emt 0:00:07]} fxe4 {[%emt 0:00:03]} 27. f5 {[%emt 0:00:01]} e5 {[%emt 0:00:42]} 28. Rg1+ {[%emt 0:00:03]} Kf8 {[%emt 0:00:01]} 29. f6 {[%emt 0:00:00]} Nxd6 {[%emt 0:00:02]} 30. Rhg4 {[%emt 0:00:03] Kutiktau resigns (Lag: Av=1.04s, max=6.2s)} 1-0

[Event "Silkway Cup"]
[Site "T#646345FIDE"]
[Date "2020.05.28"]
[Round "10"]
[White "GadimbayliA"]
[Black "NikaVolkov"]
[Result "1-0"]
[WhiteElo "2444"]
[BlackElo "1930"]
[PlyCount "147"]
[EventDate "2020.05.28"]
[EventType "swiss (blitz)"]

1. e4 {[%emt 0:00:01]} e6 {[%emt 0:00:01]} 2. d4 {[%emt 0:00:01]} d5 {[%emt 0:00:00]} 3. Nd2 {[%emt 0:00:00]} c5 {[%emt 0:00:01]} 4. Ngf3 {[%emt 0:00:01]} Nc6 {[%emt 0:00:01]} 5. exd5 {[%emt 0:00:01]} exd5 {[%emt 0:00:00]} 6. Bb5 {[%emt 0:00:01]} Nf6 {[%emt 0:00:00]} 7. O-O {[%emt 0:00:01]} Be7 {[%emt 0:00:01]} 8. dxc5 {[%emt 0:00:01]} Bxc5 {[%emt 0:00:01]} 9. Nb3 {[%emt 0:00:02]} Bb6 {[%emt 0:00:01]} 10. Re1+ {[%emt 0:00:10]} Be6 {[%emt 0:00:01]} 11. Be3 {[%emt 0:00:00]} O-O {[%emt 0:00:03]} 12. Bxb6 {[%emt 0:00:17]} Qxb6 {[%emt 0:00:01]} 13. Bd3 {[%emt 0:00:00]} Rfe8 {[%emt 0:00:06]} 14. h3 {[%emt 0:00:09]} h6 {[%emt 0:00:11]} 15. c3 {[%emt 0:00:04]} Rad8 {[%emt 0:00:07]} 16. Rb1 {[%emt 0:00:06]} Ne4 {[%emt 0:00:02]} 17. Nbd4 {[%emt 0:00:01]} Bc8 {[%emt 0:00:06]} 18. Qc2 {[%emt 0:00:05]} f5 {[%emt 0:00:02]} 19. Re2 {[%emt 0:00:22]} Kh8 {[%emt 0:00:17]} 20. Rbe1 {[%emt 0:00:04]} Bd7 {[%emt 0:00:01]} 21. a3 {[%emt 0:00:28]} a6 {[%emt 0:00:02]} 22. Qc1 {[%emt 0:00:02]} Re7 {[%emt 0:00:24]} 23. h4 {[%emt 0:00:19]} Rde8 {[%emt 0:00:03]} 24. Qf4 {[%emt 0:00:03]} g5 {[%emt 0:00:30]} 25. hxg5 {[%emt 0:00:16]} Nxd4 {[%emt 0:00:01]} 26. cxd4 {[%emt 0:00:06]} hxg5 {[%emt 0:00:01]} 27. Nxg5 {[%emt 0:00:22]} Qxd4 {[%emt 0:00:10]} 28. Bxe4 {[%emt 0:00:01]} fxe4 {[%emt 0:00:03]} 29. Rd2 {[%emt 0:00:02]} Qc5 {[%emt 0:00:58]} 30. b4 {[%emt 0:00:01]} Qc3 {[%emt 0:00:26]} 31. Red1 {[%emt 0:00:19]} Bc6 {[%emt 0:00:02]} 32. Rd4 {[%emt 0:00:01]} Kg8 {[%emt 0:00:05]} 33. Qe3 {[%emt 0:00:25]} Qxe3 {[%emt 0:00:01]} 34. fxe3 {[%emt 0:00:00]} Rg7 {[%emt 0:00:01]} 35. Nh3 {[%emt 0:00:01]} Rg3 {[%emt 0:00:01]} 36. Kf2 {[%emt 0:00:01]} Rg7 {[%emt 0:00:01]} 37. Nf4 {[%emt 0:00:01]} Rf7 {[%emt 0:00:00]} 38. Ke1 {[%emt 0:00:03]} Rg7 {[%emt 0:00:02]} 39. Kf2 {[%emt 0:00:02]} Rf8 {[%emt 0:00:01]} 40. Kg1 {[%emt 0:00:05]} Rg3 {[%emt 0:00:01]} 41. Kf2 {[%emt 0:00:01]} Rg4 {[%emt 0:00:01]} 42. Kg1 {[%emt 0:00:03]} Rg3 {[%emt 0:00:01]} 43. Re1 {[%emt 0:00:01]} Rf5 {[%emt 0:00:02]} 44. Rd2 {[%emt 0:00:02]} Kg7 {[%emt 0:00:03]} 45. Kh2 {[%emt 0:00:06]} Rgg5 {[%emt 0:00:04]} 46. Ne6+ {[%emt 0:00:02]} Kf6 {[%emt 0:00:01]} 47. Nxg5 {[%emt 0:00:00]} Kxg5 {[%emt 0:00:00]} 48. Kg1 {[%emt 0:00:02]} Bb5 {[%emt 0:00:03]} 49. Rf2 {[%emt 0:00:01]} Re5 {[%emt 0:00:00]} 50. Rc1 {[%emt 0:00:01]} Re7 {[%emt 0:00:03]} 51. Rd2 {[%emt 0:00:07]} Bd3 {[%emt 0:00:03]} 52. Rc5 {[%emt 0:00:03]} Rd7 {[%emt 0:00:04]} 53. Rc8 {[%emt 0:00:05]} d4 {[%emt 0:00:04]} 54. exd4 {[%emt 0:00:00]} Rxd4 {[%emt 0:00:01]} 55. Kf2 {[%emt 0:00:01]} Kf4 {[%emt 0:00:05]} 56. Rf8+ {[%emt 0:00:02]} Kg4 {[%emt 0:00:01]} 57. Ke3 {[%emt 0:00:02]} Rd7 {[%emt 0:00:00]} 58. Rdf2 {[%emt 0:00:02]} Kg3 {[%emt 0:00:01]} 59. Rg8+ {[%emt 0:00:02]} Kh2 {[%emt 0:00:03]} 60. g4+ {[%emt 0:00:06]} Kg3 {[%emt 0:00:03]} 61. g5 {[%emt 0:00:01]} Bc4 {[%emt 0:00:01]} 62. Rgf8 {[%emt 0:00:01]} Rg7 {[%emt 0:00:05]} 63. R2f5 {[%emt 0:00:03]} Bd3 {[%emt 0:00:02]} 64. R8f7 {[%emt 0:00:01]} Rg6 {[%emt 0:00:01]} 65. Rxb7 {[%emt 0:00:01]} Kg4 {[%emt 0:00:00]} 66. Re5 {[%emt 0:00:06]} Rxg5 {[%emt 0:00:02]} 67. Rxg5+ {[%emt 0:00:00]} Kxg5 {[%emt 0:00:00]} 68. Rf7 {[%emt 0:00:00]} Kg6 {[%emt 0:00:01]} 69. Rf4 {[%emt 0:00:01]} Kg5 {[%emt 0:00:03]} 70. Rxe4 {[%emt 0:00:09]} Bf1 {[%emt 0:00:01]} 71. Rf4 {[%emt 0:00:01]} Bb5 {[%emt 0:00:01]} 72. Rf2 {[%emt 0:00:00]} Kg6 {[%emt 0:00:01]} 73. Kd4 {[%emt 0:00:00]} Kg5 {[%emt 0:00:00]} 74. Kc5 {[%emt 0:00:00] NikaVolkov Ñäàåòñÿ (Lag: Av=0.61s, max=0.8s)} 1-0

[Event "Silkway Cup"]
[Site "T#646345FIDE"]
[Date "2020.05.28"]
[Round "10"]
[White "luka oboladze"]
[Black "Mammadzada"]
[Result "0-1"]
[WhiteElo "2308"]
[BlackElo "1882"]
[PlyCount "74"]
[EventDate "2020.05.28"]
[EventType "swiss (blitz)"]

1. d4 {[%emt 0:00:03]} Nf6 {[%emt 0:00:02]} 2. c4 {[%emt 0:00:01]} e6 {[%emt 0:00:01]} 3. Nc3 {[%emt 0:00:01]} Bb4 {[%emt 0:00:02]} 4. Qc2 {[%emt 0:00:01]} d6 {[%emt 0:00:12]} 5. e4 {[%emt 0:00:08]} O-O {[%emt 0:00:27]} 6. Bd3 {[%emt 0:00:08]} e5 {[%emt 0:00:17]} 7. d5 {[%emt 0:00:05]} Nbd7 {[%emt 0:00:15]} 8. a3 {[%emt 0:00:16]} Bxc3+ {[%emt 0:00:02]} 9. Qxc3 {[%emt 0:00:00]} Nc5 {[%emt 0:00:02]} 10. f3 {[%emt 0:00:03]} Nh5 {[%emt 0:00:09]} 11. Ne2 {[%emt 0:00:22]} f5 {[%emt 0:00:09]} 12. exf5 {[%emt 0:00:25]} Qh4+ {[%emt 0:00:33]} 13. g3 {[%emt 0:00:10]} Qh3 {[%emt 0:00:01]} 14. Be3 {[%emt 0:00:43]} Nxd3+ {[%emt 0:00:37]} 15. Qxd3 {[%emt 0:00:00]} Bxf5 {[%emt 0:00:02]} 16. Qd2 {[%emt 0:00:02]} Qg2 {[%emt 0:00:05]} 17. Rf1 {[%emt 0:00:03]} Qxh2 {[%emt 0:00:26]} 18. O-O-O {[%emt 0:00:20] .} Nxg3 {[%emt 0:00:01]} 19. Rf2 {[%emt 0:00:10]} Nxe2+ {[%emt 0:00:01]} 20. Qxe2 {[%emt 0:00:01]} Qh5 {[%emt 0:00:02]} 21. Rg1 {[%emt 0:00:02]} Qf7 {[%emt 0:00:05]} 22. Rfg2 {[%emt 0:00:06]} Bg6 {[%emt 0:00:01]} 23. Rg3 {[%emt 0:00:01]} Qf5 {[%emt 0:00:01]} 24. Kd1 {[%emt 0:00:10]} Qb1+ {[%emt 0:00:03]} 25. Bc1 {[%emt 0:00:00]} Rf6 {[%emt 0:00:03]} 26. Qd2 {[%emt 0:00:14]} Raf8 {[%emt 0:00:03]} 27. Ke2 {[%emt 0:00:01]} Qf5 {[%emt 0:00:05]} 28. Qc3 {[%emt 0:00:08]} Qh5 {[%emt 0:00:02]} 29. R1g2 {[%emt 0:00:04]} e4 {[%emt 0:00:02]} 30. Rf2 {[%emt 0:00:10]} Rxf3 {[%emt 0:00:02]} 31. Rgxf3 {[%emt 0:00:01]} exf3+ {[%emt 0:00:00]} 32. Kd1 {[%emt 0:00:01]} Qh1+ {[%emt 0:00:03]} 33. Kd2 {[%emt 0:00:01]} Qh6+ {[%emt 0:00:03]} 34. Kd1 {[%emt 0:00:01]} Qh5 {[%emt 0:00:01]} 35. Qe3 {[%emt 0:00:01]} Qf5 {[%emt 0:00:01]} 36. Ke1 {[%emt 0:00:01]} b5 {[%emt 0:00:02]} 37. cxb5 {[%emt 0:00:03]} Re8 {[%emt 0:00:01] luka oboladze resigns (Lag: Av=0.47s, max=0.7s)} 0-1

[Event "Silkway Cup"]
[Site "T#646345FIDE"]
[Date "2020.05.28"]
[Round "10"]
[White "Sadikhov_Ulvi"]
[Black "Massapi"]
[Result "0-1"]
[WhiteElo "2281"]
[BlackElo "2546"]
[PlyCount "62"]
[EventDate "2020.05.28"]
[EventType "swiss (blitz)"]

1. e4 {[%emt 0:00:02]} c5 {[%emt 0:00:01]} 2. Nf3 {[%emt 0:00:01]} Nc6 {[%emt 0:00:01]} 3. g3 {[%emt 0:00:03]} e6 {[%emt 0:00:06]} 4. Bg2 {[%emt 0:00:01]} Nf6 {[%emt 0:00:02]} 5. d3 {[%emt 0:00:01]} d5 {[%emt 0:00:17]} 6. Nbd2 {[%emt 0:00:01]} Be7 {[%emt 0:00:03]} 7. O-O {[%emt 0:00:02]} b6 {[%emt 0:00:05]} 8. Re1 {[%emt 0:00:01]} Bb7 {[%emt 0:00:03]} 9. c3 {[%emt 0:00:04]} Qc7 {[%emt 0:00:21]} 10. Nf1 {[%emt 0:00:14]} dxe4 {[%emt 0:00:05]} 11. dxe4 {[%emt 0:00:02]} Rd8 {[%emt 0:00:07]} 12. Qa4 {[%emt 0:00:09]} O-O {[%emt 0:00:42]} 13. e5 {[%emt 0:00:10]} Nd7 {[%emt 0:00:01]} 14. Bf4 {[%emt 0:00:05]} Na5 {[%emt 0:00:09]} 15. h4 {[%emt 0:00:11]} c4 {[%emt 0:00:01]} 16. Qc2 {[%emt 0:00:18]} Nc5 {[%emt 0:00:05]} 17. Ng5 {[%emt 0:00:50]} Nd3 {[%emt 0:00:07]} 18. Bxb7 {[%emt 0:00:19]} Qxb7 {[%emt 0:00:13]} 19. Re3 {[%emt 0:00:01]} h6 {[%emt 0:00:22]} 20. Ne4 {[%emt 0:00:09]} Nc6 {[%emt 0:00:02]} 21. Ned2 {[%emt 0:00:18]} b5 {[%emt 0:00:10]} 22. a4 {[%emt 0:00:19]} a6 {[%emt 0:00:09]} 23. b4 {[%emt 0:00:05]} g5 {[%emt 0:00:17]} 24. hxg5 {[%emt 0:00:04]} hxg5 {[%emt 0:00:00]} 25. Ne4 {[%emt 0:00:02]} gxf4 {[%emt 0:00:03]} 26. gxf4 {[%emt 0:00:01]} f5 {[%emt 0:00:03]} 27. exf6 {[%emt 0:00:08]} Bxf6 {[%emt 0:00:01]} 28. Rg3+ {[%emt 0:00:01]} Bg7 {[%emt 0:00:04]} 29. Qe2 {[%emt 0:00:07]} Nxf4 {[%emt 0:00:01]} 30. Qg4 {[%emt 0:00:02]} Ne5 {[%emt 0:00:01]} 31. Re1 {[%emt 0:00:02]} Nxg4 {[%emt 0:00:01] Sadikhov_Ulvi resigns (Lag: Av=0.36s, max=0.5s)} 0-1

[Event "Silkway Cup"]
[Site "T#646345FIDE"]
[Date "2020.05.28"]
[Round "10"]
[White "Ka ch"]
[Black "EXpresident"]
[Result "1/2-1/2"]
[WhiteElo "2238"]
[BlackElo "2627"]
[PlyCount "93"]
[EventDate "2020.05.28"]
[EventType "swiss (blitz)"]

1. e4 {[%emt 0:00:02]} c5 {[%emt 0:00:02]} 2. Nf3 {[%emt 0:00:01]} d6 {[%emt 0:00:01]} 3. d4 {[%emt 0:00:02]} cxd4 {[%emt 0:00:01]} 4. Qxd4 {[%emt 0:00:01]} Nf6 {[%emt 0:00:00]} 5. Nc3 {[%emt 0:00:02]} Nc6 {[%emt 0:00:02]} 6. Bb5 {[%emt 0:00:02]} Bd7 {[%emt 0:00:01]} 7. Bxc6 {[%emt 0:00:00]} Bxc6 {[%emt 0:00:00]} 8. Bg5 {[%emt 0:00:01]} e6 {[%emt 0:00:03]} 9. O-O-O {[%emt 0:00:01]} Be7 {[%emt 0:00:01]} 10. Qd3 {[%emt 0:00:02]} O-O {[%emt 0:00:06]} 11. Nd4 {[%emt 0:00:01]} Rc8 {[%emt 0:00:08]} 12. h4 {[%emt 0:00:09]} Qa5 {[%emt 0:00:04]} 13. f4 {[%emt 0:00:08]} h6 {[%emt 0:00:21]} 14. g4 {[%emt 0:00:12]} Rfd8 {[%emt 0:00:42]} 15. Bxf6 {[%emt 0:00:23]} Bxf6 {[%emt 0:00:01]} 16. g5 {[%emt 0:00:02]} Bxd4 {[%emt 0:00:00]} 17. Qxd4 {[%emt 0:00:02]} Qc5 {[%emt 0:00:01]} 18. Qd3 {[%emt 0:00:15]} h5 {[%emt 0:00:06]} 19. g6 {[%emt 0:00:07]} fxg6 {[%emt 0:00:11]} 20. Rhg1 {[%emt 0:00:05]} b5 {[%emt 0:00:01]} 21. Rxg6 {[%emt 0:00:41]} b4 {[%emt 0:00:11]} 22. Rdg1 {[%emt 0:00:20]} Rc7 {[%emt 0:00:01]} 23. Qg3 {[%emt 0:00:26]} Kf8 {[%emt 0:00:47]} 24. Rg5 {[%emt 0:00:09]} e5 {[%emt 0:00:03]} 25. Rxh5 {[%emt 0:00:07]} Kg8 {[%emt 0:00:08]} 26. Qg6 {[%emt 0:00:02]} Be8 {[%emt 0:00:41]} 27. Qh7+ {[%emt 0:00:05]} Kf8 {[%emt 0:00:00]} 28. Qh8+ {[%emt 0:00:08]} Ke7 {[%emt 0:00:02]} 29. Rxg7+ {[%emt 0:00:01]} Bf7 {[%emt 0:00:02]} 30. Rxf7+ {[%emt 0:00:07]} Kxf7 {[%emt 0:00:01]} 31. Qh7+ {[%emt 0:00:07]} Ke8 {[%emt 0:00:04]} 32. Qg6+ {[%emt 0:00:04]} Kd7 {[%emt 0:00:01]} 33. Rh7+ {[%emt 0:00:05]} Kc8 {[%emt 0:00:01]} 34. Rxc7+ {[%emt 0:00:02]} Kxc7 {[%emt 0:00:00]} 35. Nd5+ {[%emt 0:00:03]} Kb8 {[%emt 0:00:00]} 36. b3 {[%emt 0:00:03]} Rc8 {[%emt 0:00:01]} 37. Qg2 {[%emt 0:00:02]} exf4 {[%emt 0:00:02]} 38. Kb1 {[%emt 0:00:06]} Qd4 {[%emt 0:00:01]} 39. Qf3 {[%emt 0:00:02]} Qe5 {[%emt 0:00:03]} 40. Qe2 {[%emt 0:00:02]} Ka8 {[%emt 0:00:05]} 41. Nb6+ {[%emt 0:00:02]} axb6 {[%emt 0:00:09]} 42. Qa6+ {[%emt 0:00:01]} Kb8 {[%emt 0:00:00]} 43. Qxb6+ {[%emt 0:00:00]} Ka8 {[%emt 0:00:00]} 44. Qa6+ {[%emt 0:00:00]} Kb8 {[%emt 0:00:01]} 45. Qb6+ {[%emt 0:00:00]} Ka8 {[%emt 0:00:02]} 46. Qa6+ {[%emt 0:00:00]} Kb8 {[%emt 0:00:01]} 47. Qb6+ {[%emt 0:00:01] (Lag: Av=0.71s, max=1.1s)} 1/2-1/2

[Event "Silkway Cup"]
[Site "T#646345FIDE"]
[Date "2020.05.28"]
[Round "10"]
[White "Shak"]
[Black "GIGA QUPARADZE"]
[Result "1/2-1/2"]
[WhiteElo "2236"]
[BlackElo "2260"]
[PlyCount "70"]
[EventDate "2020.05.28"]
[EventType "swiss (blitz)"]

1. d4 {[%emt 0:00:04]} Nf6 {[%emt 0:00:02]} 2. c4 {[%emt 0:00:01]} e6 {[%emt 0:00:01]} 3. Nc3 {[%emt 0:00:01]} Bb4 {[%emt 0:00:02]} 4. Qc2 {[%emt 0:00:01]} O-O {[%emt 0:00:02]} 5. e4 {[%emt 0:00:06]} d5 {[%emt 0:00:02]} 6. e5 {[%emt 0:00:01]} Ne4 {[%emt 0:00:01]} 7. Bd3 {[%emt 0:00:01]} c5 {[%emt 0:00:01]} 8. Nf3 {[%emt 0:00:00]} cxd4 {[%emt 0:00:04]} 9. Nxd4 {[%emt 0:00:00]} Nd7 {[%emt 0:00:01]} 10. Bf4 {[%emt 0:00:01]} Ndc5 {[%emt 0:00:03]} 11. O-O {[%emt 0:00:05]} Nxd3 {[%emt 0:00:32]} 12. Qxd3 {[%emt 0:00:00]} Nxc3 {[%emt 0:00:01]} 13. bxc3 {[%emt 0:00:01]} Be7 {[%emt 0:00:01]} 14. Rfd1 {[%emt 0:00:26]} dxc4 {[%emt 0:00:07]} 15. Qg3 {[%emt 0:00:04]} Kh8 {[%emt 0:00:25]} 16. h4 {[%emt 0:00:40]} Qe8 {[%emt 0:00:09]} 17. h5 {[%emt 0:00:11]} h6 {[%emt 0:00:02]} 18. Rab1 {[%emt 0:00:17]} f5 {[%emt 0:00:04]} 19. exf6 {[%emt 0:00:16]} Bxf6 {[%emt 0:00:02]} 20. Bd6 {[%emt 0:00:03]} Rg8 {[%emt 0:00:06]} 21. Nb5 {[%emt 0:00:12]} Qxh5 {[%emt 0:00:03]} 22. Nc7 {[%emt 0:00:02]} Rb8 {[%emt 0:00:01]} 23. Nxe6 {[%emt 0:00:14]} Bxe6 {[%emt 0:00:11]} 24. Bxb8 {[%emt 0:00:01]} Qa5 {[%emt 0:00:22]} 25. Rxb7 {[%emt 0:00:12]} a6 {[%emt 0:00:02]} 26. Bc7 {[%emt 0:00:20]} Qxa2 {[%emt 0:00:05]} 27. Re1 {[%emt 0:00:07]} Bd5 {[%emt 0:00:12]} 28. Rb8 {[%emt 0:00:01]} Qd2 {[%emt 0:00:03]} 29. Rxg8+ {[%emt 0:00:04]} Bxg8 {[%emt 0:00:00]} 30. Re3 {[%emt 0:00:04]} a5 {[%emt 0:00:04]} 31. Be5 {[%emt 0:00:02]} Qd1+ {[%emt 0:00:01]} 32. Kh2 {[%emt 0:00:02]} Qh5+ {[%emt 0:00:02]} 33. Kg1 {[%emt 0:00:01]} Qd1+ {[%emt 0:00:01]} 34. Kh2 {[%emt 0:00:01]} Qh5+ {[%emt 0:00:03]} 35. Kg1 {[%emt 0:00:03]} Qd1+ {[%emt 0:00:02] (Lag: Av=0.81s, max=6.1s)} 1/2-1/2

[Event "Silkway Cup"]
[Site "T#646345FIDE"]
[Date "2020.05.28"]
[Round "10"]
[White "SuleymanliAydin1"]
[Black "Lukiano"]
[Result "0-1"]
[WhiteElo "2193"]
[BlackElo "2681"]
[Annotator "TA"]
[PlyCount "106"]
[EventDate "2020.05.28"]
[EventType "swiss (blitz)"]

{[%evp 23,106,-27,-32,-11,0,-23,-27,-21,-14,-31,0,-42,-18,-26,-29,-20,-33,-90,-25,-47,-3,-441,-226,-219,-221,-226,-221,-215,-215,-217,-220,-216,-219,-262,-218,-222,-204,-256,-217,-217,-209,-218,-210,-227,-227,-332,-298,-284,-268,-425,-408,-466,-464,-567,-541,-754,-735,-747,-732,-758,-714,-853,-799,-897,-787,-1123,-1170,-6070,-5840,-5789,-5677,-29952,-10489,-5122,-1694,-5121,-5110,-29982,-29983,-29984,-29980,-29980,-29981,-29993,-29994]} 1. d4 Nf6 2. c4 e6 3. Nc3 Bb4 4. e3 c5 5. a3 Bxc3+ 6. bxc3 d6 7. Bd3 O-O 8. Ne2 Nc6 9. O-O b6 10. e4 e5 11. f4 exd4 12. cxd4 cxd4 13. Bb2 {E29: Nimzo-Indian: Sämisch: 5...0-0 6 e3 c5 7 Bd3 Nc6.} Re8 14. Nxd4 Nxd4 15. Bxd4 {Black has an edge.} Nxe4 {[#]} 16. Qh5 $146 {And now Qd5 would win.} ({Predecessor:} 16. Re1 Nc5 17. Bc2 Bd7 18. Qh5 h6 19. Bc3 {½-½ (19) La Manna,A (2192)-Lanzani,M (2308) Civitanova Marche 2013}) 16... Bb7 17. Rf3 Nf6 18. Bxf6 $1 Qxf6 19. Qxh7+ Kf8 20. Rff1 (20. Qh8+ $15 Ke7 21. Re3+ Kd7 22. Qh3+ Kc7 23. Rae1) 20... g6 (20... Re6 $17 {aiming for ...Qd4+.} 21. Kh1 Qd4 22. Qh8+ Ke7 23. Qh4+ Qf6 24. Qxf6+ Kxf6) 21. Qh6+ Kg8 22. f5 $2 {[%mdl 8192] White does not recover from this.} (22. Rad1 $1 $11 {and White has nothing to worry.}) 22... Qd4+ (22... Qb2 $142 {[%csl Gb7][%cal Rb2g2]} 23. Qg5 Qd4+ {[%mdl 64] Double Attack} 24. Kh1 Qxd3 25. fxg6 Qxg6 26. Qxg6+ fxg6) 23. Kh1 $19 {Threatening mate with f6.} Qxd3 24. f6 {[%csl Gf6][%cal Rh6g7] [#]} Bxg2+ $1 {[%mdl 64] Double Attack} 25. Kg1 {[%csl Gf6][%cal Rh6g7]} (25. Kxg2 Re2+) 25... Qe3+ 26. Qxe3 Rxe3 27. Kxg2 {[%mdl 4096] Endgame KRR-KRR} Rc8 28. Rad1 Re6 ({But not} 28... Rxa3 29. Rf4 $19) 29. Rd4 Rc5 30. h4 Ra5 31. Rf3 Kh7 32. Kg3 Kh6 33. Kg4 Rae5 34. Rfd3 (34. Rdf4 $142) 34... Re4+ 35. Rxe4 Rxe4+ {KR-KR} 36. Kf3 (36. Kg3 {keeps fighting.} g5 37. hxg5+ Kxg5 38. Rxd6) 36... Re6 37. Rd5 Rxf6+ 38. Kg4 Re6 39. a4 Re4+ 40. Kf3 Rxc4 41. a5 {[#]} Rc5 $1 42. Rxd6 Rxa5 43. Rd8 Ra4 44. Kg3 a5 {[%cal Ba7a5,Ba5a4,Ba4a3][%mdl 32]} 45. Rb8 Rb4 46. Ra8 a4 47. Kh3 b5 {[%cal Bb6b5,Bb5b4][%mdl 32]} 48. Kg3 Kg7 49. Ra6 Rb3+ 50. Kg4 a3 {Black mates.} 51. h5 gxh5+ 52. Kxh5 b4 53. Rg6+ fxg6+ {Accuracy: White = 33%, Black = 79%.} 0-1